000 00260nam a22001217a 4500
999 _c533591
_d533591
040 _cdlc
082 _a737.4954
100 _aJames Prinsep
_927547
245 _aEssays on Indian Antiquities - Vol-2
250 _aVol-2
300 _a336p
942 _2ddc
_cBK